000 00672nam a2200217 i 4500
001 50390
003 ES-MaACL
005 20250828114020.0
007 t|
008 030804s1968 sp |||| | spa d
080 _a396
100 1 _aCuadra Echaide, Pilar de.
_9157527
245 1 0 _aMujer y hombre, hoy :
_bapuntes para una feminología /
_cPilar de Cuadra.
260 _aBilbao :
_bDesclée de Brouwer,
_c[1968]
300 _a241 p. ;
_c19 cm.
490 1 _aEducación y familia
650 7 _aFeminismo
_2embne
_912744
830 1 0 _aColección educación y familia (Desclée de Brouwer)
_9182029
852 4 _aES-MaACL
_jB-8502
999 _c50390
_d50390